000 00784nam a2200265Ia 4500
003 OSt
005 20221005110323.0
006 a|||||r|||| 00| 0
007 ta
008 221004b |||||||| |||| 00| 0 hin d
020 _a8186480129
024 _a52490
037 _cTextual
040 _aCRL
_cCRL
_bhin
041 _2hin
_ahin
082 _aO152,3N34,AK, N6
100 _aपुरी, उषा
245 0 _aअंधेरे की परतें
246 _aAandhere kī paratean
260 _aनई दिल्ली
_bैसार्थक
_c1996
300 _a64पृ0
_ccm.
650 _aहिन्दी साहित्य
942 _hO152,3N34,AK, N6
_cTEXL
_2cc
999 _c1018445
_d1018445